Zásielkový obchod? Žiadna novinka!

Začiatky zásielkového obchodu siahajú do dávnej minulosti a súvisia s rozvojom kníhtlače. Prvé katalógy s knihami, ktoré ponúkali tlačiari. Ďalší historický vývoj zásielkového obchodu. Oživenie zásielkového obchodu po 2. svetovej vojne. Ponuka tovarov nemeckej firmy Otto a Bertelsmann. Základy zásie...

Full description

Saved in:
Bibliographic Details
Format: Book Chapter
Language:Slovak
Subjects:
Tags: Add Tag
No Tags, Be the first to tag this record!

MARC

LEADER 00000naa$a2200000$$$4500
001 0050166
005 20231006122059.0
041 0 |a slo 
044 |a SK 
245 1 0 |a Zásielkový obchod? Žiadna novinka! 
520 |a Začiatky zásielkového obchodu siahajú do dávnej minulosti a súvisia s rozvojom kníhtlače. Prvé katalógy s knihami, ktoré ponúkali tlačiari. Ďalší historický vývoj zásielkového obchodu. Oživenie zásielkového obchodu po 2. svetovej vojne. Ponuka tovarov nemeckej firmy Otto a Bertelsmann. Základy zásielkového obchodu v bývalej ČSR založené firmou Baťa. 
610 2 0 |a obchod zásielkový 
610 2 0 |a tovar 
610 2 0 |a katalógy 
610 2 0 |a história 
610 2 0 |a knihy 
610 2 0 |a tlačiarne 
610 2 0 |a vývoj